Looney Tunes by Animal Quiz Stats

 Plays Quiz not verified by Sporcle

Score 0/20 Timer 05:00
0 Plays Today
% Correct
Bugs Bunny (Rabbit)
95.5%
Porky Pig (Pig)
95.1%
Daffy Duck (Duck)
95%
Tweety (Canary)
94%
Taz (Tasmanian Devil)
91.8%
Wile E. Coyote (Coyote)
90.7%
Sylvester (Cat)
90.5%
Pepé Le Pew (Skunk)
90.4%
Road Runner (Roadrunner)
89.1%
Yosemite Sam (Human)
85.3%
% Correct
Speedy Gonzalez (Mouse)
83.5%
Spike (English Bulldog)
79.9%
Miss Prissy (Hen)
65.5%
Beaky Buzzard (Vulture)
63.4%
Michigan J. Frog (Frog)
62.5%
Hippety Hopper (Kangaroo)
61.5%
Foghorn Leghorn (Rooster)
54.3%
Cecil Turtle (Turtle)
53.2%
Henery Hawk (Chickenhawk)
46%
Pete Puma (Mountain Lion)
46%

You're not logged in!

Compare scores with friends on all Sporcle quizzes.
OR
Log In

Show Comments

Extras

Top Quizzes Today


Score Distribution

Your Account Isn't Verified!

In order to create a playlist on Sporcle, you need to verify the email address you used during registration. Go to your Sporcle Settings to finish the process.

Report this User

Report this user for behavior that violates our Community Guidelines.

Details: